| 000 | 00523nam a2200193 a 4500 | ||
|---|---|---|---|
| 001 | 4203 | ||
| 003 | CO-ViMGA | ||
| 008 | 141112s2004 ck r 000 u spa d | ||
| 040 |
_aCO-ViMGA _bspa _cCO-ViMGA |
||
| 082 | 0 | 4 | _a636 P677 |
| 100 | 1 |
_aPortolano, Micola _954729 |
|
| 245 | 1 | 0 | _aExplotación del ganado ovino y caprino |
| 260 |
_aMadrid : _bMundi - Prensa, _c1989 |
||
| 300 | _a275 p : il | ||
| 650 | 1 | 4 |
_aCAPRINOS - PRODUCCION _954730 |
| 650 | 1 | 4 | _aGANADERIA |
| 650 | 1 | 4 |
_aOVINOS - PRODUCCION _954732 |
| 942 |
_2ddc _cBK |
||
| 999 |
_c16218 _d16218 |
||